Sociology (Record no. 1416)

000 -LEADER
fixed length control field 00505nam a22002057a 4500
001 - CONTROL NUMBER
control field 1416
003 - CONTROL NUMBER IDENTIFIER
control field BD-DhUET
008 - FIXED-LENGTH DATA ELEMENTS--GENERAL INFORMATION
fixed length control field 140907b xxu||||| |||| 00| 0 eng d
020 ## - INTERNATIONAL STANDARD BOOK NUMBER
International Standard Book Number 9780073125817
040 ## - CATALOGING SOURCE
Transcribing agency 0
Modifying agency BD-DhUET
082 ## - DEWEY DECIMAL CLASSIFICATION NUMBER
Classification number 301
Item number SCH/2007
100 ## - MAIN ENTRY--PERSONAL NAME
Personal name Schaefer, Richard T.
245 ## - TITLE STATEMENT
Title Sociology
Statement of responsibility, etc. by Richard T. Schaefer
250 ## - EDITION STATEMENT
Edition statement 10th ed.
260 ## - PUBLICATION, DISTRIBUTION, ETC. (IMPRINT)
Place of publication, distribution, etc. New York:
Name of publisher, distributor, etc. McGraw-Hill,
Date of publication, distribution, etc. 2007.
300 ## - PHYSICAL DESCRIPTION
Extent xxxiv,542p.
504 ## - BIBLIOGRAPHY, ETC. NOTE
Bibliography, etc Includes bibliographies
650 #0 - SUBJECT ADDED ENTRY--TOPICAL TERM
Topical term or geographic name as entry element Sociology
942 ## - ADDED ENTRY ELEMENTS (KOHA)
Koha item type General Book
Holdings
Damaged status Location (home branch) Copy number Koha date last seen Koha issues (times borrowed) Price effective from Lost status Date acquired Piece designation (barcode) Sublocation or collection (holding branch) Source of classification or shelving scheme Koha date last borrowed Shelving location Not for loan Koha full call number Koha normalized classification for sorting Withdrawn status Koha item type
 Central Library, BUET12026-01-1862014-09-07 2014-09-07103379Central Library, BUET 2023-06-18Circulation section 301/SCH/2007301SCH2007 General Book
 Central Library, BUET22023-11-1862014-09-07 2014-09-07103377Central Library, BUET 2023-06-06Circulation section 301/SCH/2007301SCH2007 General Book
 Central Library, BUET32024-06-0392014-09-07 2014-09-07103378Central Library, BUET 2024-05-26Circulation section 301/SCH/2007301SCH2007 General Book